000 00405cam a2200169 4500
001 D12418
008 090401t1950 xxu||||| |||| 00| 0 eng d
035 _a(Sirsi) u3363
041 _aeng
100 _aClendinning, James
245 _aPrinciples and use of surveying instruments
260 _aLondon
_bBlackie & Son
_c1950
350 _a0
520 _aShelf 177
942 _n0
948 _c04/03/1997
999 _c85872
_d85872